000 01766cam a2200133 4500500
005 20251214002848.0
041 _afre
042 _adc
100 1 0 _aZanfi, Caterina
_eauthor
245 0 0 _aBergson et la philosophie allemande : 1907-1932
260 _bArmand Colin,
_c2013.
520 _aCet essai raconte une histoire en grande partie oubliée après la Grande Guerre : celle des rapports entre Bergson et la philosophie allemande de son temps. De L’évolution créatrice à Les deux sources de la morale et de la religion, Bergson redéfinit profondément sa philosophie et introduit de nouveaux thèmes anthropologiques et moraux, qui font écho aux questions du débat allemand sur la philosophie de la vie.À travers la reconstitution de certaines polémiques allemandes dont Bergson est l’objet et auxquelles il participe durant ces années, l’analyse se concentre ici d’un côté sur la réception de son œuvre en Allemagne et de l’autre, sur l’effet de retour impliqué par de tels dialogues sur la philosophie de Les deux sources. Un atlas philosophique composé de quatre étapes – Iéna, Berlin, Heidelberg et Göttingen – suivi d’une réflexion sur le moment de la Grande Guerre, offre la description des principaux transferts entre Bergson et des philosophes tels que Eucken, Simmel, Driesch, Windelband et Scheler.Sur fond d’échanges avec ses interlocuteurs d’outre-Rhin, le dernier Bergson retrouve sa stature européenne et apparaît comme un penseur des problèmes de la vie, de la technique, de l’histoire et de la guerre à la hauteur des débats contemporains autour de ces thèmes.
856 4 1 _uhttps://shs.cairn.info/bergson-et-la-philosophie-allemande--9782200285418?lang=fr&redirect-ssocas=7080
999 _c1567547
_d1567547